Sports Quiz

Random Sports or NHL Quiz

NHL Teams by Length Quiz Stats

 Plays Quiz Updated Jul 8, 2021

Support Sporcle.
Go Orange.
Score 0/9 Timer 02:00
3 Plays Today
# of Letters Team Name % Correct
6Boston Bruins, Buffalo Sabres, Calgary Flames, Edmonton Oilers, New Jersey Devils, Philadelphia Flyers, San Jose Sharks, Seattle Kraken
95.5%
9Colorado Avalanche, Montreal Canadiens, Nashville Predators, New York Islanders, Tampa Bay Lightning
93.8%
8Detroit Red Wings, Florida Panthers, Ottawa Senators, Pittsburgh Penguins, Washington Capitals
93.6%
5Anaheim Ducks, Dallas Stars, Los Angeles Kings, St. Louis Blues
93.3%
10Carolina Hurricanes, Chicago Blackhawks, Toronto Maple Leafs
89.6%
4Minnesota Wild, Winnipeg Jets
89.4%
7Arizona Coyotes, New York Rangers, Vancouver Canucks
88.4%
13Vegas Golden Knights
64%
11Columbus Blue Jackets
58.5%

You're not logged in!

Compare scores with friends on all Sporcle quizzes.
OR
Log In
Forgot?

From the Vault

Title Actors by Director

by LTH

Some of these directors are bigger stars than the actors they work with.
Remove Ads.
Support Sporcle.
Get the best of Sporcle when you Go Orange. This ad-free experience offers more features, more stats, and more fun while also helping to support Sporcle. Thank you for becoming a member.

Show Comments

Extras

Top Quizzes Today


Score Distribution

Your Account Isn't Verified!

In order to create a playlist on Sporcle, you need to verify the email address you used during registration. Go to your Sporcle Settings to finish the process.

Report this User

Report this user for behavior that violates our Community Guidelines.

Details: